Statistics for Liga mx teams 2k

Click here to take the quiz!

General Stats

  • This quiz has been taken 61 times
    (50 since last reset)
  • The average score is 12 of 23

Answer Stats

HintAnswer% Correct
12chivas
86%
7tigres
84%
8leon
77%
1atlas
74%
10toluca
72%
5Monterrey
70%
6pachuca
70%
7pumas
70%
8cruz azul
65%
2puebla
65%
1Tijuana
63%
13Club America
56%
6santos
53%
3necaxa
51%
1morelia
42%
3atlante
37%
2veracruz
35%
1oro
30%
1Tecos
28%
2zacatepec
16%
1Asturias
14%
1Marte
14%
1Real España
14%

Score Distribution

Percentile by Number Answered

Percent of People with Each Score

Your Score History

You have not taken this quiz since the last reset